Central Library and Information Centre
Sibsagar Girls' College, Sivasagar : Assam

CHORDATE ZOOLOGY (Record no. 5675)

MARC details
000 -LEADER
fixed length control field 00401cam a2200181ua 4500
008 - FIXED-LENGTH DATA ELEMENTS--GENERAL INFORMATION
fixed length control field 120121n II |||gr||||Z||||||eng
040 ## - CATALOGING SOURCE
Original cataloging agency MAIN
041 ## - LANGUAGE CODE
-- English
082 ## - DEWEY DECIMAL CLASSIFICATION NUMBER
Classification number 596 JOR
100 ## - MAIN ENTRY--PERSONAL NAME
Personal name JORDAN, E. L.
245 ## - TITLE STATEMENT
Title CHORDATE ZOOLOGY
260 ## - PUBLICATION, DISTRIBUTION, ETC.
Place of publication, distribution, etc. NEW DELHI
Name of publisher, distributor, etc. S.CHAND & COMPANY
300 ## - PHYSICAL DESCRIPTION
Extent 1151:
Dimensions 25CM.
700 ## - ADDED ENTRY--PERSONAL NAME
Personal name VERMA, P. S.
942 ## - ADDED ENTRY ELEMENTS (KOHA)
Koha item type Books
653 ## - INDEX TERM--UNCONTROLLED
Uncontrolled term Chordates
Holdings
Withdrawn status Lost status Damaged status Not for loan Collection code Home library Current library Shelving location Date acquired Total Checkouts Full call number Barcode Date last seen Date last checked out Copy number Price effective from Koha item type Public note
        TBZOO Central Library and Information Centre Sibsagar Girls College Central Library and Information Centre Sibsagar Girls College ZOOLOGY BOOK RACK 19.06.1995 2 596 JOR 13757 22.04.2025 03.04.2025 1 27.02.2020 Books V
        TBZOO Central Library and Information Centre Sibsagar Girls College Central Library and Information Centre Sibsagar Girls College ZOOLOGY BOOK RACK 19.06.1995   596 JOR 13758 27.02.2020   2 27.02.2020 Books V


Sibsagar Girl's College © 2020. All rights reserved.
Powered by Koha.
Maintained by Abhijit Borpuzari.